[Event "Jonas Franz"]
[Site "http://www.queenalice.com/game.php?id=385130"]
[Date "2008.4.10"]
[Round "4"]
[White "PotHix"]
[Black "erikmartinelli"]
[Result "0-1"]
[WhiteElo "1635"]
[BlackElo "1426"]

1. d4 d5 2. c4 dxc4 3. e3 Nf6 4. Nf3 Bg4 5. Nc3 g6 6. Be2 b5 7. Nxb5 c6 8. Nc3
Bh6 9. O-O O-O 10. Ne5 Bxe2 11. Qxe2 Qc8 12. h3 Qf5 0-1

[Event "Recomeço"]
[Site "http://www.queenalice.com/game.php?id=396559"]
[Date "2008.5.2"]
[Round "-"]
[White "bonzinho"]
[Black "PotHix"]
[Result "0-1"]
[WhiteElo "1256"]
[BlackElo "1626"]

1. d4 d5 2. Nc3 Nf6 3. a4 c5 4. dxc5 e6 5. Bf4 Nc6 6. a5 Nxa5 7. Nb5 Bxc5 8.
Nc7+ Ke7 9. Nxa8 Bd7 10. Bc7 Qxa8 11. Bxa5 b6 12. Bc3 Ne4 13. Bxg7 Rg8 0-1

[Event "Najdorf-r06-m05"]
[Site "http://www.queenalice.com/game.php?id=420769"]
[Date "2008.6.20"]
[Round "-"]
[White "PotHix"]
[Black "dilucia"]
[Result "0-1"]
[WhiteElo "1622"]
[BlackElo "2412"]

1. e4 c5 2. Nf3 d6 3. d4 cxd4 4. Nxd4 Nf6 5. Nc3 a6 6. f4 Qc7 7. Be3 e5 8. Nde2
Nbd7 9. h3 b5 10. a3 Bb7 11. Ng3 d5 12. exd5 exf4 13. Bxf4 Qxf4 14. Qf3 Qe5+ 15.
Be2 Nxd5 16. O-O O-O-O 17. Rad1 Ne3 18. Qh5 Qxg3 0-1

[Event "Najdorf-r09-m05"]
[Site "http://www.queenalice.com/game.php?id=423249"]
[Date "2008.6.25"]
[Round "-"]
[White "arvim"]
[Black "PotHix"]
[Result "1-0"]
[WhiteElo "2153"]
[BlackElo "1624"]

1. e4 c5 2. Nf3 d6 3. d4 cxd4 4. Nxd4 Nf6 5. Nc3 a6 6. Be3 Qc7 7. Qd2 e5 8. Nb3
Bd7 9. O-O-O Be7 10. f3 O-O 11. g4 b5 12. g5 Nh5 13. Nd5 Qd8 14. Nxe7+ Qxe7 15.
Qxd6 Qxd6 16. Rxd6 Rd8 17. Bh3 f6 18. Rhd1 1-0

[Event "Najdorf r07-m01"]
[Site "http://www.queenalice.com/game.php?id=423299"]
[Date "2008.6.25"]
[Round "-"]
[White "Tecodamara"]
[Black "PotHix"]
[Result "1-0"]
[WhiteElo "2461"]
[BlackElo "1620"]

1. e4 c5 2. Nf3 d6 3. d4 cxd4 4. Nxd4 Nf6 5. Nc3 a6 6. f3 e5 7. Nb3 Nc6 8. Be3
Be6 9. Nd5 Be7 10. Bb6 Qc8 11. Nc7+ Kd7 12. Nxa8 Qxa8 13. Nc5+ Ke8 14. Nxe6 fxe6
15. Bc4 Nd7 16. Be3 h6 17. Bxe6 Qc8 18. f4 Qc7 19. O-O Bf6 20. c3 a5 21. Qh5+
Kd8 22. f5 1-0

[Event "DevelopersGame"]
[Site "http://www.queenalice.com/game.php?id=565997"]
[Date "2009.4.3"]
[Round "-"]
[White "PotHix"]
[Black "rferraz"]
[Result "1-0"]
[WhiteElo "1596"]
[BlackElo "1723"]

1. d4 d5 2. c4 e6 3. Nf3 Nf6 4. Nc3 c6 5. e3 Nbd7 6. Bd3 dxc4 7. Bxc4 Nb6 8. b3
Nxc4 9. bxc4 Bb4 10. Bd2 O-O 11. O-O a6 12. c5 Bxc3 13. Bxc3 b6 14. cxb6 Qxb6
15. Rb1 Qc7 16. Qd3 Rb8 17. e4 Rxb1 18. Rxb1 Qf4 19. g3 Qxe4 20. Qxe4 Nxe4 21.
Bd2 Nd6 22. h4 h5 23. Ne5 Nb5 24. Nxc6 Bd7 25. Bb4 Rc8 26. Ne7+ Kf8 27. Nxc8+
1-0

[Event "Challenge"]
[Site "http://www.queenalice.com/game.php?id=571206"]
[Date "2009.4.13"]
[Round "-"]
[White "yak1403"]
[Black "PotHix"]
[Result "0-1"]
[WhiteElo "1439"]
[BlackElo "1617"]

1. e3 e5 2. b3 f5 3. Bb2 Nc6 4. h4 d6 5. g3 Nf6 6. Bg2 Be6 7. c3 Qd7 8. f4 exf4
9. gxf4 O-O-O 10. d4 Ng4 11. Bf3 Nxe3 12. Qd2 Nd5 13. c4 Nf6 14. d5 Bxd5 15.
Bxf6 Re8+ 16. Kf2 Bxf3 17. Nxf3 gxf6 18. Nd4 Rg8 19. Nc3 Bh6 20. Rhg1 Rg4 21.
Rxg4 fxg4 22. Kg3 f5 23. Re1 Rxe1 24. Qxe1 Nxd4 25. Qe3 c5 26. Nd5 Nc2 27. Qc3
Nb4 28. a3 Nxd5 29. Qd2 Bxf4+ 0-1

[Event "Here we go!"]
[Site "http://www.queenalice.com/game.php?id=596571"]
[Date "2009.6.1"]
[Round "-"]
[White "rferraz"]
[Black "PotHix"]
[Result "1/2-1/2"]
[WhiteElo "1648"]
[BlackElo "1632"]

1. d4 d5 2. c4 Nf6 3. Nf3 c5 4. e3 Nc6 5. Nc3 Bg4 6. Be2 Bxf3 7. Bxf3 e6 8. b3
Bd6 9. cxd5 exd5 10. Nxd5 Be7 11. Nxf6+ Bxf6 12. O-O cxd4 13. exd4 Bxd4 14. Re1+
Ne5 15. Rb1 O-O 16. Bb2 Bxb2 17. Qxd8 Raxd8 18. Rxb2 Nd3 19. Re7 Nxb2 20. Rxb7
Rc8 21. h3 a5 22. Ra7 Rc5 23. Re7 g6 24. Re2 Nd3 25. a3 Rc1+ 26. Kh2 Rb8 27. Bd5
Nf4 28. Re5 Rc5 29. Bxf7+ Kxf7 30. Rxc5 Rxb3 31. Rxa5 h5 32. Ra7+ Kf6 33. a4 Rb2
34. Kg3 g5 35. Kf3 Rb4 1/2-1/2

[Event "ChessPlayer"]
[Site "http://www.queenalice.com/game.php?id=599008"]
[Date "2009.6.5"]
[Round "-"]
[White "tinogomes"]
[Black "PotHix"]
[Result "0-1"]
[WhiteElo "1573"]
[BlackElo "1626"]

1. e4 e5 2. d4 exd4 3. Qxd4 Nc6 4. Qc3 d6 5. Bb5 Nf6 6. Bxc6+ bxc6 7. Qxc6+ Bd7
8. Qb7 Be7 9. f4 O-O 10. Nc3 c5 11. f5 d5 12. exd5 Bxf5 13. Nb5 a6 14. Na7 Qd6
15. Bd2 Qe5+ 16. Ne2 Bxc2 17. Nc6 Qe4 18. Nxe7+ Kh8 19. O-O Qxe2 20. Ba5 Be4 21.
b3 Qxg2# 0-1

[Event "Challenge"]
[Site "http://www.queenalice.com/game.php?id=599407"]
[Date "2009.6.6"]
[Round "-"]
[White "PotHix"]
[Black "knight401"]
[Result "0-1"]
[WhiteElo "1640"]
[BlackElo "1828"]

1. d4 d5 2. c4 e6 3. Nf3 h6 4. Nc3 Nf6 5. e3 c5 6. h3 Nc6 7. Bd3 Qc7 8. O-O Bd6
9. Bd2 O-O 10. Nb5 Qd7 11. dxc5 Bxc5 12. Rc1 dxc4 13. Bxc4 a6 14. Nc3 e5 15. b3
Be7 16. a4 Nh7 17. Qe2 Bf6 18. Nd5 Qd8 19. b4 e4 20. Nd4 Nxd4 21. exd4 Bg5 22.
g3 Bxh3 23. Rfe1 Bxd2 24. Qxd2 Ng5 25. Nf4 Nf3+ 26. Kh1 Nxd2 27. Nxh3 Qxd4 28.
Kg2 Nxc4 0-1

[Event "On line"]
[Site "http://www.queenalice.com/game.php?id=644017"]
[Date "2009.8.29"]
[Round "-"]
[White "PotHix"]
[Black "P_Leo"]
[Result "0-1"]
[WhiteElo "1610"]
[BlackElo "1450"]

1. d4 Nf6 2. c4 g6 3. Nc3 Bg7 4. Bg5 O-O 5. Nf3 d6 6. Qd2 Nbd7 7. e3 c5 8. Be2
cxd4 9. Nxd4 a6 10. O-O-O Nc5 11. Bxf6 Bxf6 12. f4 Qd7 13. g4 b6 14. h4 Bb7 15.
e4 Nxe4 16. Nxe4 Bxe4 17. Rh2 e5 18. fxe5 dxe5 19. Nf3 Qxg4 20. Qe3 Bxf3 21.
Bxf3 Qxc4+ 22. Rc2 Qxa2 23. Bxa8 Rxa8 24. Kd2 Qe6 25. Qe2 Bxh4 26. Qe4 Bg5+ 27.
Ke2 Rf8 28. Rc6 Qe7 29. Rxb6 f5 30. Qd5+ Rf7 31. Rxa6 e4 32. Ra8+ Kg7 33. Rg1
Bf6 34. b3 Qb4 35. Rh1 h5 36. Qc6 Qxb3 37. Qc8 Qd3+ 38. Ke1 Bc3+ 39. Kf2 Qf3+
40. Kg1 Bd4+ 41. Kh2 Qf2+ 42. Kh3 Kh6 43. Qd8 Rf6 44. Ra4 Be5 45. Qe8 Qg3# 0-1

[Event "Challenge"]
[Site "http://www.queenalice.com/game.php?id=645234"]
[Date "2009.8.31"]
[Round "-"]
[White "vicoxd"]
[Black "PotHix"]
[Result "1-0"]
[WhiteElo "1439"]
[BlackElo "1588"]

1. d4 d5 2. Nf3 Nf6 3. Bf4 e6 4. e3 Nc6 5. Bb5 a6 6. Ba4 b5 7. Bb3 Bd6 8. Bg3
O-O 9. Nbd2 a5 10. a3 a4 11. Ba2 Qe7 12. c3 e5 13. h3 e4 14. Ng1 h6 15. Ne2 g5
16. Qc2 Nh5 17. Bxd5 Bb7 18. Bxe4 f5 19. Bxf5 Bxg3 20. Nxg3 Nxg3 21. fxg3 Bc8
22. Bxc8 Raxc8 23. Qg6+ Kh8 24. Qxh6+ Kg8 25. Qxc6 Rb8 26. O-O-O Rb6 27. Qc5
Qxe3 28. Qxc7 1-0

[Event "Challenge"]
[Site "http://www.queenalice.com/game.php?id=649575"]
[Date "2009.9.9"]
[Round "-"]
[White "flaviovieira"]
[Black "PotHix"]
[Result "0-1"]
[WhiteElo "1770"]
[BlackElo "1588"]

1. e4 e5 2. Nf3 Nc6 3. Bb5 Nf6 4. Bxc6 bxc6 5. Nxe5 Ba6 6. d3 Bd6 7. Nf3 c5 8.
e5 Qe7 9. Bf4 c4 10. d4 c5 11. O-O Ng4 12. exd6 Qf6 13. Re1+ Kd8 14. Be5 Qg6 15.
dxc5 f6 16. Bd4 Rc8 17. c3 Rc6 18. Re7 Kc8 19. Nbd2 Re8 20. Rxe8+ Qxe8 21. h3
Ne5 22. Nxe5 fxe5 23. Bxe5 Qxe5 24. b3 Rxc5 25. Nxc4 Bxc4 26. bxc4 Rxc4 27. Rc1
a5 28. Qd3 Rc6 29. Qxh7 Rxd6 30. h4 g6 0-1

[Event "Challenge"]
[Site "http://www.queenalice.com/game.php?id=1027941"]
[Date "2012.2.8"]
[Round "-"]
[White "dsouza"]
[Black "PotHix"]
[Result "1-0"]
[WhiteElo "1839"]
[BlackElo "1611"]

1. e4 e5 2. f4 Nc6 3. fxe5 Nxe5 4. Nf3 d6 5. d4 Ng4 6. Bc4 b6 7. Nc3 c5 8. dxc5
bxc5 9. Bxf7+ Kxf7 10. Qd5+ Be6 11. Ng5+ Kg6 12. Qxe6+ N8f6 13. Nf7 Be7 14. O-O
Qc8 15. Nxh8+ 1-0

[Event "Challenge"]
[Site "http://www.queenalice.com/game.php?id=1406465"]
[Date "2016.1.27"]
[Round "-"]
[White "PotHix"]
[Black "dsouza"]
[Result "1/2-1/2"]
[WhiteElo "1611"]
[BlackElo "1773"]

1. e4 c5 2. Nc3 g6 3. Nf3 Bh6 4. Bc4 d6 5. a3 Nc6 6. O-O Bg4 7. h3 Bxf3 8. Qxf3
Nf6 9. d3 Bxc1 10. Raxc1 Nd4 11. Qf4 Qa5 12. Qd2 Qb6 13. Rb1 O-O 14. b4 Rab8 15.
Na4 Qc7 16. b5 a6 17. b6 Qc6 18. c3 Qxa4 19. cxd4 cxd4 20. f4 Nxe4 21. Qb4 Qxb4
22. Rxb4 Nc3 23. Bb3 e5 24. g4 exf4 25. Kf2 Rbc8 26. Rxd4 Rc6 27. Rb4 a5 28. Rc4
Rxc4 29. Bxc4 Rc8 30. Re1 d5 31. Rc1 Na2 32. Rc2 dxc4 33. dxc4 Nb4 34. axb4 axb4
35. g5 b3 36. Rb2 Rxc4 37. Rxb3 f6 38. h4 Rc2+ 39. Kf3 Rh2 40. Kg4 f5+ 41. Kxf4
Rxh4+ 42. Ke5 Re4+ 43. Kd6 f4 44. Kc7 Re7+ 45. Kc8 Kf7 46. Rf3 Ke6 47. Rxf4 Ke5
48. Rf6 Rg7 49. Kb8 h5 50. gxh6 Rg8+ 51. Kxb7 Kxf6 52. Ka7 Rh8 53. b7 Rh7 54.
Ka8 Rxb7 55. Kxb7 g5 56. h7 Kg7 57. Kc6 Kxh7 58. Kd5 Kg6 59. Ke4 Kh5 60. Kf3 Kh4
61. Kg2 Kg4 62. Kh2 Kf3 63. Kg1 g4 64. Kh2 Kf2 65. Kh1 g3 1/2-1/2